[Event "Medellin Flores op 30th"]
[Site "Medellin"]
[Date "2023.08.06"]
[Round "6"]
[White "Simancas Maradei, Miguel Alejandro"]
[Black "Calderon Guerra, Danny Patricio"]
[Result "1-0"]
[WhiteElo "1985"]
[BlackElo "1738"]
[PlyCount "77"]
[EventDate "2023.08.03"]
[EventType "swiss"]
[EventRounds "9"]
[EventCountry "COL"]
[SourceTitle "EXT 2024"]
[Source "ChessBase"]
[SourceDate "2023.10.10"]
[SourceVersion "1"]
[SourceVersionDate "2023.10.10"]
[SourceQuality "1"]

1. c4 e6 2. Nc3 d5 3. cxd5 exd5 4. d4 h6 5. Bf4 Nf6 6. e3 Bd6 7. Bxd6 Qxd6 8. a3 0-0 9. Bd3 c6 10. h3 Re8 11. Nf3 Ne4 12. 0-0 f5 13. Ne5 Nd7 14. f4 Ndf6 15. Qc2 Qe7 16. b4 a6 17. Rfb1 g5 18. Bxe4 fxe4 19. fxg5 hxg5 20. Rf1 Be6 21. Na4 Rad8 22. Nc5 Bc8 23. Qe2 Rd6 24. Rf2 Kg7 25. Raf1 Rh8 26. Rf5 Bxf5 27. Rxf5 Rh6 28. Rxg5+ Kh8 29. Ng6+ Rxg6 30. Rxg6 Qh7 31. Rg3 b6 32. Nb3 b5 33. Qf2 Qh6 34. Qf5 Nh7 35. Nc5 Qf6 36. Qg4 Rd8 37. Nd7 Qg5 38. Qxg5 Nxg5 39. Ne5 1-0

[Event "Medellin Flores op 30th"]
[Site "Medellin"]
[Date "2023.08.03"]
[Round "1"]
[White "Calderon Guerra, Danny Patricio"]
[Black "Florez Moreno, Dante"]
[Result "1-0"]
[WhiteElo "1738"]
[BlackElo "1147"]
[PlyCount "87"]
[EventDate "2023.08.03"]
[EventType "swiss"]
[EventRounds "9"]
[EventCountry "COL"]
[SourceTitle "EXT 2024"]
[Source "ChessBase"]
[SourceDate "2023.10.10"]
[SourceVersion "1"]
[SourceVersionDate "2023.10.10"]
[SourceQuality "1"]

1. d4 d5 2. Nf3 Nf6 3. Bg5 e6 4. e3 Nc6 5. Nbd2 Be7 6. c3 0-0 7. Bd3 h6 8. Bf4 Nh5 9. Bg3 Nxg3 10. hxg3 Bf6 11. Qc2 e5 12. dxe5 Nxe5 13. Nxe5 Bxe5 14. Nf3 Bf6 15. Rd1 Be6 16. Qa4 Qd6 17. Bb1 c6 18. Qc2 Rfd8 19. 0-0 g6 20. Rfe1 Qc5 21. Nd4 Bxd4 22. exd4 Qd6 23. Re5 c5 24. Rde1 Re8 25. dxc5 Qxc5 26. Rxe6 Rxe6 27. Rxe6 fxe6 28. Qxg6+ Kf8 29. Qf6+ Kg8 30. Qxe6+ Kf8 31. Qxh6+ Ke7 32. Bf5 Rd8 33. Qe6+ Kf8 34. g4 Rd6 35. Qe5 Rh6 36. Qb8+ Ke7 37. Qxb7+ Kf6 38. g5+ Kxg5 39. Qg7+ Kxf5 40. Qxh6 Qc4 41. Qh7+ Kf6 42. Qxa7 Qe4 43. Qd4+ Qxd4 44. cxd4 1-0

[Event "South America-ch U18 17th"]
[Site "Guayaquil"]
[Date "2022.01.26"]
[Round "2"]
[White "Quinde Rizzo, Hugo Josue"]
[Black "Calderon Guerra, Danny Patricio"]
[Result "0-1"]
[WhiteElo "1555"]
[BlackElo "1655"]
[PlyCount "64"]
[EventDate "2022.01.25"]
[EventType "swiss"]
[EventRounds "9"]
[EventCountry "ECU"]
[SourceTitle "CBM 206 Extra"]
[Source "ChessBase"]
[SourceDate "2022.03.31"]
[SourceVersion "1"]
[SourceVersionDate "2022.03.31"]
[SourceQuality "1"]

1. e4 c5 2. Nf3 Nc6 3. d4 cxd4 4. Nxd4 g6 5. c4 Bg7 6. Be3 Nf6 7. Nc3 Ng4 8. Qxg4 Nxd4 9. Qd1 Nc6 10. Be2 d6 11. 0-0 Bxc3 12. bxc3 Qa5 13. Qd2 Be6 14. f4 f6 15. Rab1 Qc7 16. c5 dxc5 17. f5 Bf7 18. Bf4 Qc8 19. e5 fxe5 20. fxg6 Bxg6 21. Bh6 Bxb1 22. Rxb1 Qd7 23. Bh5+ Kd8 24. Qb2 Kc8 25. Bg4 Qxg4 26. Qxb7+ Kd8 27. Qxc6 Rc8 28. Qd5+ Ke8 29. Rf1 Qg6 30. Qb7 Qc6 31. Qb3 e4 32. Qc2 Qxh6 0-1

[Event "Preinscritos IRT Online"]
[Site "Chess.com INT"]
[Date "2020.12.26"]
[Round "6"]
[White "Villagomez Martinez, Luis Angel"]
[Black "Calderon Guerra, Danny Patricio"]
[Result "0-1"]
[WhiteElo "1988"]
[BlackElo "2024"]
[PlyCount "48"]
[EventDate "2020.12.26"]
[EventType "swiss"]
[EventRounds "11"]
[EventCountry "ECU"]
[SourceTitle "CBM 200 Extra"]
[Source "ChessBase"]
[SourceDate "2021.03.31"]
[SourceVersion "1"]
[SourceVersionDate "2021.03.31"]
[SourceQuality "1"]

1. e4 c5 2. Nf3 Nc6 3. d3 g6 4. Nbd2 Bg7 5. g3 d6 6. Bg2 Rb8 7. 0-0 e6 8. Re1 Nge7 9. Nf1 0-0 10. h4 Nd4 11. c3 Nxf3+ 12. Qxf3 b5 13. Nh2 f5 14. Bg5 Qc7 15. Qe3 Bb7 16. exf5 Nxf5 17. Qxe6+ Kh8 18. Ng4 Bxg2 19. Kxg2 Qc6+ 20. Kg1 b4 21. Nf6 Qf3 22. Nd7 Nxg3 23. Nxf8 Rxf8 24. Re3 Qxf2# 0-1

[Event "ECU-ch U16"]
[Site "Guayaquil"]
[Date "2019.04.21"]
[Round "8"]
[White "Calderon Guerra, Danny Patricio"]
[Black "Esmeraldas Huachi, Anderson Yahir"]
[Result "1/2-1/2"]
[WhiteElo "1633"]
[BlackElo "1781"]
[PlyCount "109"]
[EventDate "2019.04.17"]
[EventType "swiss"]
[EventRounds "9"]
[EventCountry "ECU"]
[SourceTitle "CBM 190 Extra"]
[Source "ChessBase"]
[SourceDate "2019.07.15"]
[SourceVersion "1"]
[SourceVersionDate "2019.07.15"]
[SourceQuality "1"]

1. d4 Nf6 2. Nf3 g6 3. Bf4 Bg7 4. e3 d6 5. c3 0-0 6. Bd3 Nh5 7. Bg5 c6 8. Nbd2 Qc7 9. Qc2 e5 10. dxe5 dxe5 11. e4 h6 12. Be3 Be6 13. Bc4 Bxc4 14. Nxc4 b5 15. Ncd2 Nd7 16. 0-0-0 Nf4 17. Ne1 a5 18. Nb3 a4 19. Nc5 Nxc5 20. Bxc5 Rfd8 21. Rxd8+ Rxd8 22. g3 Ne6 23. Be3 a3 24. b3 c5 25. Nf3 c4 26. b4 Qc6 27. Rd1 Rxd1+ 28. Kxd1 f5 29. Ke2 f4 30. Bc1 fxg3 31. hxg3 g5 32. Bxa3 g4 33. Nd2 Ng5 34. Bc1 Bf6 35. Kf1 Bd8 36. Qd1 h5 37. Qe2 Bb6 38. a4 Nh3 39. axb5 Qf6 40. Nxc4 Bxf2 41. Kg2 Kh7 42. Be3 Bxe3 43. Nxe3 Ng5 44. Nd5 Qf7 45. b6 h4 46. gxh4 Nf3 47. b7 Qxb7 48. Nf6+ Kg7 49. Nxg4 Nxh4+ 50. Kg3 Ng6 51. Qe3 Qc6 52. Qa7+ Kf8 53. Qe3 Kg7 54. Qh6+ Kg8 55. Qe3 1/2-1/2

[Event "ECU-ch U16"]
[Site "Guayaquil"]
[Date "2019.04.20"]
[Round "7"]
[White "Calderon Guerra, Danny Patricio"]
[Black "Lopez Revelo, Luis"]
[Result "1-0"]
[WhiteElo "1633"]
[BlackElo "1348"]
[PlyCount "91"]
[EventDate "2019.04.17"]
[EventType "swiss"]
[EventRounds "9"]
[EventCountry "ECU"]
[SourceTitle "CBM 190 Extra"]
[Source "ChessBase"]
[SourceDate "2019.07.15"]
[SourceVersion "1"]
[SourceVersionDate "2019.07.15"]
[SourceQuality "1"]

1. d4 d5 2. Nf3 Nf6 3. Bg5 e6 4. e3 Be7 5. Bd3 h6 6. Bh4 Nbd7 7. Nbd2 b6 8. 0-0 0-0 9. Qe2 Bb7 10. c3 c5 11. Rfe1 Ne4 12. Bxe7 Qxe7 13. Bc2 Rae8 14. Nxe4 dxe4 15. Nd2 f5 16. a4 Kh8 17. f3 exf3 18. Nxf3 e5 19. Qf2 Qf6 20. a5 b5 21. Rad1 e4 22. Nd2 f4 23. exf4 Qxf4 24. Qxf4 Rxf4 25. dxc5 Nxc5 26. Re3 Rd8 27. b4 Ne6 28. Nb3 Rxd1+ 29. Bxd1 Bd5 30. g3 Rf8 31. Nd2 Re8 32. Kg2 Ng5 33. Bb3 Nf3 34. Bxd5 Nxd2 35. Bc6 Re5 36. Kf2 Nc4 37. Rxe4 Rxe4 38. Bxe4 Nd6 39. Bd3 Kg8 40. Ke3 Kf7 41. Kd4 Ke6 42. Kc5 a6 43. Kb6 Kd5 44. Bf1 g5 45. g4 Nc8+ 46. Kxa6 1-0

[Event "ECU-ch U16"]
[Site "Guayaquil"]
[Date "2019.04.18"]
[Round "4"]
[White "Infante Freire, Alex Daniel"]
[Black "Calderon Guerra, Danny Patricio"]
[Result "1/2-1/2"]
[WhiteElo "1446"]
[BlackElo "1633"]
[PlyCount "73"]
[EventDate "2019.04.17"]
[EventType "swiss"]
[EventRounds "9"]
[EventCountry "ECU"]
[SourceTitle "CBM 190 Extra"]
[Source "ChessBase"]
[SourceDate "2019.07.15"]
[SourceVersion "1"]
[SourceVersionDate "2019.07.15"]
[SourceQuality "1"]

1. e4 c5 2. Nf3 Nc6 3. c3 e6 4. d4 cxd4 5. cxd4 Bb4+ 6. Bd2 Qa5 7. Bxb4 Qxb4+ 8. Qd2 Qxd2+ 9. Nbxd2 Nge7 10. Bb5 0-0 11. 0-0 d5 12. e5 Bd7 13. Rac1 Rac8 14. Rc3 Rc7 15. Rfc1 Rfc8 16. Nb3 b6 17. Bxc6 Rxc6 18. Rxc6 Rxc6 19. Rxc6 Bxc6 20. Ne1 f6 21. f4 Kf7 22. Nf3 Ng6 23. g3 fxe5 24. Nxe5+ Nxe5 25. fxe5 h5 26. h4 g5 27. Kf2 Kg6 28. Kf3 gxh4 29. gxh4 Kf5 30. Nd2 Bb5 31. b4 a5 32. bxa5 bxa5 33. a3 Bd3 34. Kg3 Be2 35. Nb3 a4 36. Nc5 Bd1 37. Kh3 1/2-1/2